000 00542nam a2200205 a 4500
001 BRCA_3975
005 20190320204510.0
008 140110s1912----gw-a######---#000-0#ger-#
041 _ager
044 _agw
050 4 _aGV854
_b.L88 1912
100 1 _aLuther-Munchen, Carl J.
_910335
245 1 0 _aDie Schule des Schneelaufs
_cCarl J. Luther-Munchen.
260 _aStuttgart
_bUnion Deutsche Verlagsgesellschaft
_c1912
300 _a67 p.
_bil.
_c16 cm.
500 _aCDE50
650 1 4 _aEsquí
_910336
902 _aGFM
942 _2lcc
_cB
999 _c3701
_d3701